[Event "CHI-ch Absoluto 2020"]
[Site "Las Condes"]
[Date "2020.02.11"]
[Round "1.1"]
[White "Romero Araya, Diego Alonso"]
[Black "Gasic Merino, Franco Ignacio"]
[Result "1-0"]
[WhiteElo "2252"]
[BlackElo "2168"]
[Annotator "TA"]
[PlyCount "71"]
[EventDate "2020.02.11"]
[EventType "tourn"]
[EventCountry "CHI"]
[SourceTitle "playchess.com"]
[Source "ChessBase"]
[SourceQuality "1"]

{[%evp 22,121,0,-14,0,0,0,0,0,-4,0,0,0,0,0,-24,-25,-32,-51,-41,-54,-46,-41,-47,-50,-45,135,0,0,0,0,0,0,0,33,35,13,15,4,20,11,25,324,286,398,387,391,362,542,541,755,680,670,589,791,783,5627,581,578,575,622,619,673,661,651,615,677,656,784,779,768,766,744,742,729,710,871,836,943,934,1091,1089,1336,1231,1325,1279,1329,1427,1500,1504,1322,1158,1126,1065,1143,1109,1089,1078,29995,29996,29996,29997]} 1. e4 c5 2. Nf3 d6 3. d4 cxd4 4. Nxd4 Nf6 5. Nc3 a6 6. Bc4 e6 7. Bb3 Nbd7 8. f4 Nc5 9. e5 Nfd7 10. exd6 Nf6 11. Be3 Bxd6 12. Qf3 $1 Qc7 {NOTEXT-110250. B86: Sicilian Scheveningen/Najdorf: 6 Bc4, without early ...b5.} 13. O-O-O O-O 14. Kb1 Nxb3 {The position is equal.} 15. axb3 Bd7 16. g4 Rfe8 17. Rhf1 Rac8 {[#]} 18. Bc1 $146 ({Predecessor:} 18. Rd3 Bc5 19. Bf2 Bxd4 20. Bxd4 Bb5 21. Be5 Qc6 22. Qxc6 Bxc6 23. Rg1 Nd7 24. g5 Nxe5 25. fxe5 {½-½ (33) Kunzelmann,F (2455)-Nefedov,S (2428) ICCF email 2011}) 18... Bc5 19. f5 e5 ({But not} 19... Qxh2 $2 20. fxe6 Rxe6 21. Nxe6 $18) 20. Nde2 Bc6 21. Qg3 b5 {Hoping for ...b4.} 22. g5 Ne4 23. Qh4 Nd6 $2 (23... Qb7 $15) 24. g6 (24. f6 $16) 24... fxg6 $11 25. fxg6 $40 {[%mdl 128] White has some attack.} hxg6 {Threatens to win with ...Bg2.} 26. b4 Bb6 27. Qg4 $1 {[%cal Rg4g6] [#]} Be4 $1 {[%mdl 512]} 28. Ng3 (28. Nxe4 Qxc2+) 28... Bf5 $1 {[%cal Rf5g4]} 29. Nxf5 gxf5 30. Qg6 Bd4 {And now ...a5 would win.} 31. Rd3 Qf7 $2 {[%mdl 8192]} ({Avoid the trap} 31... Bxc3 $2 32. bxc3 (32. Rxc3 Qd7 $16) 32... Red8 33. Bg5 $18) (31... Qd7 $11 {and Black is okay.}) 32. Qxd6 $18 Red8 33. Qxa6 Ra8 34. Qxb5 Rd7 (34... Rd6 $142 35. Rxd4 {[%mdl 64] Remove Defender} Rxd4) 35. b3 e4 {[#]} 36. Rxf5 {Played: Rd3xd4} 1-0

[Event "CHI-ch Absoluto 2020"]
[Site "Las Condes"]
[Date "2020.02.11"]
[Round "1.2"]
[White "Reinuaba Escobar, Carlos"]
[Black "Aguirre Contreras, Cristian Rodrigo"]
[Result "1/2-1/2"]
[WhiteElo "2184"]
[BlackElo "2187"]
[Annotator "TA"]
[PlyCount "27"]
[EventDate "2020.02.11"]
[EventType "tourn"]
[EventCountry "CHI"]
[SourceTitle "playchess.com"]
[Source "ChessBase"]
[SourceQuality "1"]

{[%evp 11,27,37,51,27,39,44,41,41,30,49,40,0,0,0,44,0,0,0]} 1. e4 g6 2. d4 Bg7 3. Nc3 c6 4. Nf3 d5 5. h3 dxe4 6. Nxe4 Nd7 7. Qe2 {[#] Strongly threatening Nd6+. B15: Caro-Kann: 3 Nc3: 3...g6 and 3...dxe4 4 Nxe4 Nf6 5 Nxf6+ exf6.} Qc7 8. g3 Ngf6 9. Bf4 {White is slightly better.} Qa5+ 10. Bd2 Qc7 {[#]} 11. Bf4 $146 ({Predecessor:} 11. Bg2 Nxe4 12. Qxe4 Nf6 13. Qe2 O-O 14. O-O a5 15. Rfe1 Re8 16. c4 Qb6 17. Bc3 Qa6 18. a4 Qb6 19. Qe3 Be6 20. Bf1 Qc7 {1-0 (29) Kurajica,B (2507)-Trkulja,G (2388) Zenica 2013}) 11... Qa5+ 12. Bd2 Qc7 13. Bf4 Qa5+ 14. Bd2 1/2-1/2

[Event "CHI-ch Absoluto 2020"]
[Site "Las Condes"]
[Date "2020.02.11"]
[Round "1.3"]
[White "Gomez Barrera, Gonzalo Andres"]
[Black "Garcia Cardenas, Pablo"]
[Result "0-1"]
[WhiteElo "2040"]
[BlackElo "2424"]
[Annotator "TA"]
[PlyCount "82"]
[EventDate "2020.02.11"]
[EventType "tourn"]
[EventCountry "CHI"]
[SourceTitle "playchess.com"]
[Source "ChessBase"]
[SourceQuality "1"]

{[%evp 23,82,37,33,-17,17,10,9,-3,23,-70,15,10,8,0,10,11,10,7,18,14,29,18,27,15,16,0,0,0,0,0,0,0,0,0,0,0,0,0,3,0,0,7,10,-35,-27,-171,-162,-172,-171,-182,-172,-200,-128,-174,129,-505,-505,-497,-497,-497,-497]} 1. e4 c6 2. d4 d5 3. exd5 cxd5 4. c4 Nf6 5. Nc3 e6 6. Nf3 Bb4 7. cxd5 Nxd5 8. Qc2 Nc6 9. a3 Be7 10. Bd3 h6 11. O-O O-O 12. Rd1 Bf6 13. Qe2 {B14: Caro-Kann: Panov-Botvinnik Attack with 5...e6 and 5...g6.} Bxd4 14. Nxd4 Nxd4 {[#]} 15. Qg4 $146 {[#] And now Bxh6 would win.The position is equal.} ({Predecessor:} 15. Bh7+ Kxh7 16. Rxd4 Qf6 17. Qd3+ Kg8 18. Nxd5 exd5 19. Rxd5 Be6 20. Rd4 Bf5 21. Qd1 Bc2 22. Qg4 Bf5 23. Qd1 Bc2 {½-½ (23) Blauert,J (2418)-Olsen,H (2248) Klaksvik 2002}) 15... Qf6 16. Ne4 ({Better is} 16. Qe4 $11 Nf5 17. g4) 16... Qg6 (16... Qe5 $15 17. Nc3 Nxc3 18. bxc3 Nb3) 17. Qxg6 $11 fxg6 18. Bc4 Nc6 19. b4 Nce7 20. Bb2 b6 21. Rac1 a6 22. Bb3 Bd7 23. Nc3 {[%cal Rc3d5]} Bc6 24. Nxd5 Bxd5 25. Rc7 Rf7 26. Bxd5 Nxd5 27. Rc6 Re7 28. Re1 Kf7 29. Rd6 a5 30. b5 a4 31. Bd4 Ra5 32. Rb1 Rb7 33. Rc6 Nc7 34. Bxb6 (34. h4 $11 {and White has nothing to worry.} Nxb5 {[%mdl 64] Double Attack} 35. Bxb6 Nxa3 36. Rb4) 34... Rxb5 $19 35. Rxb5 Nxb5 $11 {[%mdl 4096] Endgame KRB-KRN} 36. g3 Nxa3 37. Bc5 Rb1+ 38. Kg2 Rc1 $2 {[#]} (38... Nb5 $19 {Threatens to win with ...Rc1.} 39. Ra6 Rc1) 39. Rc7+ $2 {[%mdl 8192]} (39. Rc8 $16 {[%csl Gc5][%cal Rc8f8] is forced if you want to stay better.} g5 40. Rf8+ Kg6 41. Bxa3) 39... Kg8 $19 {Black is clearly winning.} 40. Rc8+ Kh7 41. h4 Nb5 {Accuracy: White = 64%, Black = 71%.} 0-1

[Event "CHI-ch Absoluto 2020"]
[Site "Las Condes"]
[Date "2020.02.11"]
[Round "1.4"]
[White "Olivares Olivares, Claudio"]
[Black "Torres Bravo, Cristobal Renato"]
[Result "0-1"]
[WhiteElo "2395"]
[BlackElo "2372"]
[Annotator "TA"]
[PlyCount "80"]
[EventDate "2020.02.11"]
[EventType "tourn"]
[EventCountry "CHI"]
[SourceTitle "playchess.com"]
[Source "ChessBase"]
[SourceQuality "1"]

{[%evp 15,108,32,36,42,34,16,7,21,32,31,47,0,13,11,12,0,8,-22,-20,-48,-47,-39,-32,-48,-20,-20,-11,-14,-9,-20,-18,-17,-10,-17,-20,-25,-26,-31,-34,-35,-36,-35,-37,-47,-36,-36,-47,-44,-31,-44,-36,-52,-27,-27,-27,-42,-42,-42,-42,-42,-43,-46,-46,-64,-15,-20,0,-59,-57,-57,-25,-25,-25,-25,-25,-26,-26,-26,-25,-17,-17,-83,-62,-489,-479,-466,-450,-404,-337,-891,-891,-879,-773,-843,-742]} 1. e4 c5 2. Nc3 e6 3. Nf3 a6 4. d4 cxd4 5. Nxd4 b5 6. Bd3 Bb7 7. O-O Nc6 8. Nxc6 Bxc6 9. Re1 {9.Re1 is better than 9.Qe2. B43: Sicilian: Kan Variation: 5 Nc3.} Bc5 10. Be3 Bxe3 11. Rxe3 {The position is equal.} Ne7 12. e5 Ng6 13. Qg4 Qh4 14. Qxh4 Nxh4 {[#]} 15. Rg3 $146 ({Predecessor:} 15. Be4 Rc8 16. a3 Ke7 17. Rd1 Ng6 18. Bxc6 Rxc6 19. g3 Rb8 20. f4 b4 21. axb4 Rxb4 {½-½ (48) Nagy,G (2416)-Balogh,C (2660) Hungary 2015}) 15... Ng6 16. Bxg6 hxg6 17. Rg4 Rh5 18. Re1 Rc8 19. a3 g5 20. Ne2 f6 21. f4 Rh4 22. Rxh4 gxh4 $11 {[%mdl 4096] Endgame KRB-KRN} 23. Nd4 Bd5 24. c3 Kf7 25. Re3 Rh8 26. exf6 gxf6 27. Kf2 Rg8 28. Nf3 Rg4 29. g3 hxg3+ 30. hxg3 Rg8 31. Nh4 f5 32. Re1 Kf6 33. Ra1 Rb8 34. Nf3 Rh8 35. Nh4 Bb3 36. Rh1 Rh5 37. Rh2 Bd5 38. Ke3 d6 39. Rd2 Rh8 40. Rh2 Bb3 {Played: Rh8-h5} 0-1

[Event "CHI-ch Absoluto 2020"]
[Site "Las Condes"]
[Date "2020.02.11"]
[Round "1.5"]
[White "Valenzuela Fuentealba, Luis"]
[Black "Vergara Jofre, Felipe Andres"]
[Result "1/2-1/2"]
[WhiteElo "2450"]
[BlackElo "2217"]
[Annotator "TA"]
[PlyCount "36"]
[EventDate "2020.02.11"]
[EventType "tourn"]
[EventCountry "CHI"]
[SourceTitle "playchess.com"]
[Source "ChessBase"]
[SourceQuality "1"]

{[%evp 15,36,47,52,50,50,49,49,43,59,54,32,0,0,0,0,-15,0,0,0,0,0,0,178]} 1. d4 Nf6 2. c4 e6 3. Nf3 c5 4. d5 b5 5. Bg5 exd5 6. cxd5 d6 7. e4 a6 8. a4 Be7 9. Bd3 {E10: Blumenfeld Gambit.} Nxd5 10. exd5 {[#] aiming for Qe2.} Bxg5 11. Qe2+ {[#] White is slightly better.} Kd7 $146 {And now ...Re8 would win.} ({Predecessor:} 11... Be7 12. axb5 O-O 13. O-O Bf6 14. Nc3 a5 15. Ne4 Bf5 16. Nxc5 Bxd3 17. Nxd3 Qb6 {½-½ (43) Ovchinnikov,V (2319)-Grishchenko,S (2447) Kazan 2017}) 12. O-O $1 {[%mdl 1024] White has compensation.} b4 $1 13. Re1 Bf6 {The position is equal.} 14. Qc2 Kc7 15. Nbd2 Bg4 16. Re4 Bxf3 17. Nxf3 Kb7 $1 18. Rae1 Kc7 $2 {Accuracy: White = 89%, Black = 91%.} (18... Nd7 $11 {and Black has nothing to worry.}) 1/2-1/2

[Event "CHI-ch Absoluto 2020"]
[Site "Las Condes"]
[Date "2020.02.12"]
[Round "2.1"]
[White "Torres Bravo, Cristobal Renato"]
[Black "Valenzuela Fuentealba, Luis"]
[Result "1/2-1/2"]
[WhiteElo "2372"]
[BlackElo "2450"]
[Annotator "TA"]
[PlyCount "53"]
[EventDate "2020.02.11"]
[EventType "tourn"]
[EventCountry "CHI"]
[SourceTitle "playchess.com"]
[Source "ChessBase"]
[SourceQuality "1"]

{[%evp 19,53,0,15,0,0,0,0,0,20,0,3,-14,-8,-23,0,0,0,0,44,0,0,-11,-20,-8,-12,-44,-12,-29,-34,-25,-25,-36,0,0,5,0]} 1. c4 c5 2. Nc3 Nc6 3. g3 g6 4. Bg2 Bg7 5. e3 e5 6. Nge2 Nge7 7. d3 O-O 8. O-O d6 9. a3 Rb8 10. Rb1 a5 11. Nb5 {A36: Symmetrical English vs ...g6: 4 Bg2 Bg7.} d5 12. Nec3 {[%cal Rc4d5]} Be6 13. Qe2 {[#]} f5 $146 ({Predecessor:} 13... b6 14. Rd1 f5 15. f4 Rb7 16. b3 Rd7 17. Bb2 Bf7 18. Bf3 Qb8 19. Rd2 Rfd8 20. Rbd1 d4 21. exd4 Nxd4 22. Nxd4 cxd4 23. Nb5 exf4 {0-1 (23) Wallin,P-Bellon Lopez,J (2480) Stockholm 1994}) 14. Rd1 Qd7 15. f4 (15. Na4 {is interesting.} b6 16. b3 Rfd8 17. Bb2 d4 18. exd4 cxd4 19. Re1) 15... exf4 16. gxf4 d4 17. exd4 Nxd4 18. Nxd4 cxd4 (18... Bxd4+ {seems wilder.} 19. Be3 Bf7 20. Qf2 Rfd8 21. Bxd4 Qxd4 22. Qxd4 Rxd4 23. b4 cxb4 24. axb4 axb4 25. Rxb4 Rbd8) 19. Nb5 (19. Na4 $5 Bxc4 20. Nb6 $14) 19... Bf7 20. a4 Rfe8 21. Qf2 Nc6 22. Bd2 Bf8 (22... Nb4 $5 {[%cal Rb4d3]} 23. Qf3 b6 $11) 23. Re1 Nb4 24. Rxe8 Rxe8 25. Qf3 Nc6 26. Re1 Rd8 27. Qf2 {Accuracy: White = 87%, Black = 79%.} 1/2-1/2

[Event "CHI-ch Absoluto 2020"]
[Site "Las Condes"]
[Date "2020.02.12"]
[Round "2.2"]
[White "Garcia Cardenas, Pablo"]
[Black "Olivares Olivares, Claudio"]
[Result "1/2-1/2"]
[WhiteElo "2424"]
[BlackElo "2395"]
[Annotator "TA"]
[PlyCount "115"]
[EventDate "2020.02.11"]
[EventType "tourn"]
[EventCountry "CHI"]
[SourceTitle "playchess.com"]
[Source "ChessBase"]
[SourceQuality "1"]

{[%evp 20,115,35,25,72,36,44,0,0,0,13,15,14,0,13,-12,-12,-12,0,-5,0,0,0,-7,0,0,2,-15,0,0,0,0,12,-68,-61,-86,-61,-88,-61,-75,-64,-73,-8,-10,0,0,0,0,2,0,8,0,70,63,84,25,29,18,18,0,0,0,3,0,0,0,7,7,5,6,8,0,0,0,8,7,7,7,8,8,25,-7,-2,-8,-8,-8,0,-8,-8,-8,-1,-29,-29,-31,-29,-29,-29,-30]} 1. d4 Nf6 2. c4 g6 3. Nc3 Bg7 4. e4 d6 5. h3 O-O 6. Be3 c5 7. d5 e6 8. Bd3 exd5 9. exd5 Na6 10. Nf3 Nc7 11. O-O {[#]} Rb8 $146 {E90: King's Indian: Classical: Early deviations and 6 h3.} ({Predecessor:} 11... b5 12. cxb5 Ncxd5 13. Nxd5 Nxd5 14. Bg5 Nf6 15. Be4 Rb8 16. Bc6 Bb7 17. Bxb7 Rxb7 18. a4 d5 19. Rc1 {0-1 (76) Ekstroem,R (2381)-Bogner,S (2605) Lenzerheide 2018}) 12. Qd2 b5 13. Bg5 {[%cal Rc4b5]} bxc4 {The position is equal.} 14. Bxc4 Qd7 15. Rfe1 Bb7 16. Re2 Rfe8 17. Rae1 Rxe2 18. Rxe2 Re8 19. Rxe8+ Qxe8 20. Qf4 Qe7 21. Qd2 Qf8 22. Bf4 h6 23. Ne1 a6 24. a3 Nd7 25. Nc2 f5 26. Ba2 (26. h4 $11) 26... g5 $15 27. Bh2 f4 28. Ne1 Qe7 29. g3 fxg3 30. Bxg3 Ne5 (30... Nb5 $17) 31. Qe2 $11 Kf8 32. Nd3 Nf7 33. Qxe7+ Kxe7 34. Nxc5 $1 Bc8 35. h4 Ne5 (35... dxc5 $11 36. Bxc7 gxh4) 36. N5e4 $1 $14 g4 37. b4 (37. h5 $16) 37... Nb5 $11 38. Nxb5 axb5 39. Kg2 Bf5 40. Bb1 Nc4 41. Bd3 Bb2 42. Bf4 Bxa3 43. Bxh6 Bxb4 44. Bg5+ Kf7 45. Bf4 Kg7 46. f3 Nb6 47. Bxb5 Nxd5 48. Bxd6 Be1 49. Be5+ Kh6 50. Ng5 Ne3+ 51. Kh2 Bxh4 52. Nf7+ Kh5 53. fxg4+ (53. Bf4 {with more complications.} Nd5 54. fxg4+ Kxg4 55. Bd6 Kh5 56. Ne5) 53... Nxg4+ 54. Kg1 Be6 55. Be2 Bxf7 56. Bf4 Bg6 57. Kg2 Bf5 58. Kh3 {Accuracy: White = 81%, Black = 88%.} 1/2-1/2

[Event "CHI-ch Absoluto 2020"]
[Site "Las Condes"]
[Date "2020.02.12"]
[Round "2.3"]
[White "Aguirre Contreras, Cristian Rodrigo"]
[Black "Gomez Barrera, Gonzalo Andres"]
[Result "1-0"]
[WhiteElo "2187"]
[BlackElo "2040"]
[Annotator "TA"]
[PlyCount "101"]
[EventDate "2020.02.11"]
[EventType "tourn"]
[EventCountry "CHI"]
[SourceTitle "playchess.com"]
[Source "ChessBase"]
[SourceQuality "1"]

{[%evp 9,101,34,41,41,39,20,56,55,44,52,63,60,70,27,35,32,27,25,39,-2,64,72,102,102,101,93,95,84,77,79,84,81,79,79,74,6,115,115,187,94,172,170,183,171,181,99,154,146,223,151,269,263,413,404,395,388,413,414,405,394,439,425,606,593,852,400,697,273,275,266,297,285,334,348,337,319,452,450,773,800,951,942,1779,1766,1793,1779,1827,1812,1643,1627,1432,1466,1018,1018]} 1. Nf3 d5 2. d4 c6 3. Bf4 Qb6 4. b3 Bg4 5. Ne5 Bf5 6. e3 {D02: 1 d4 d5 2 Nf3 sidelines, including 2...Nf6 3 g3 and 2...Nf6 3 Bf4.} Nf6 {[#]} 7. Be2 $146 ({Predecessor:} 7. Bd3 Bxd3 8. Qxd3 Nbd7 9. Nxd7 Nxd7 10. O-O e6 11. Nd2 Be7 12. c4 O-O 13. c5 {½-½ (33) Bracali,A (2111)-Tocchioni,D (2257) Florence 2005}) 7... g6 8. O-O {White is slightly better.} Bg7 9. c4 O-O 10. Nc3 Nbd7 11. c5 Qa5 12. Qe1 Qd8 13. b4 Ne4 14. Nf3 g5 (14... a5 $11) 15. Nxg5 $14 e5 16. Ngxe4 dxe4 17. dxe5 Nxe5 18. Rd1 Nd3 19. Bxd3 $1 exd3 20. f3 Re8 21. Qg3 Kh8 22. Nb1 ({White should play} 22. Ne4 $16) 22... Rg8 (22... a5 $11) 23. Be5 $16 Qe8 (23... f6 $16 {is a better defense.} 24. Qf4 Bh3) 24. Bxg7+ $18 Rxg7 25. Qf4 Qe6 26. Rf2 Bg6 27. e4 (27. Nd2 $18) 27... Rd8 ({Better is} 27... f5) 28. Rfd2 $16 Qc4 (28... f5 $16) 29. Qf6 $36 {[%mdl 2048] Black is under strong pressure.} Rd7 (29... Qd4+ $16 30. Qxd4 Rxd4 31. Rxd3 Rxb4) 30. Qc3 Qe6 (30... Qxc3 $142 31. Nxc3 f5 32. Rxd3 Rxd3 33. Rxd3 fxe4 34. Nxe4 (34. fxe4 Rf7 $18) 34... Bxe4 35. fxe4 Rf7) 31. Rxd3 Rxd3 32. Rxd3 {[#] Threatening mate with Rd8+.} (32. Qxd3 f5 $18) 32... h5 33. Qd2 Kh7 34. Nc3 f5 35. Rd6 Qe5 (35... Qe8 $142 36. exf5 Bxf5) 36. exf5 Bxf5 37. Ne4 (37. Qh6+ $142 Kg8 38. Rd8+ Kf7 39. Qxh5+ Rg6 {[#]} 40. Ne4 $1 {[%mdl 512]}) 37... Bxe4 (37... Rg6 $142 38. Rd4 Qg7) 38. fxe4 $2 {[%mdl 4096] Endgame KQR-KQR} (38. Qh6+ Kg8 39. Rd8+ (39. fxe4 Qa1+ 40. Kf2 Qxa2+ 41. Rd2 Qf7+ 42. Ke3 Qe7 $18) 39... Kf7 40. Rd7+ {[%mdl 64] Double Attack} (40. fxe4 Rxg2+ 41. Kxg2 Qxe4+ 42. Kg3 Qg4+ 43. Kf2 Qh4+ 44. Ke3 Qxd8 $16) 40... Kg8 41. Rxg7+ Qxg7 42. Qxg7+ Kxg7 43. fxe4) 38... Qa1+ 39. Qd1 Qe5 40. Qf3 Re7 41. Qf5+ Qxf5 42. exf5 {KR-KR} Re2 (42... Rf7 {keeps fighting.} 43. h4 Rxf5 44. Rd7+ {[%mdl 64] Double Attack} Kg6 45. Rxb7 a5) 43. a4 {[%cal Ba2a4,Ba4a5][%mdl 32] White is clearly winning.} Ra2 (43... Re7 $142 44. Kf2 Rf7) 44. a5 Kg7 45. h3 h4 46. Rd7+ Kf6 47. Rxb7 Kxf5 48. Rxa7 Kf4 49. Rg7 Ke3 50. Rg4 Ra1+ 51. Kh2 {Accuracy: White = 74%, Black = 31%.} 1-0

[Event "CHI-ch Absoluto 2020"]
[Site "Las Condes"]
[Date "2020.02.12"]
[Round "2.4"]
[White "Gasic Merino, Franco Ignacio"]
[Black "Reinuaba Escobar, Carlos"]
[Result "1/2-1/2"]
[WhiteElo "2168"]
[BlackElo "2184"]
[Annotator "TA"]
[PlyCount "150"]
[EventDate "2020.02.11"]
[EventType "tourn"]
[EventCountry "CHI"]
[SourceTitle "playchess.com"]
[Source "ChessBase"]
[SourceQuality "1"]

{[%evp 21,150,24,33,19,36,24,25,28,28,22,33,24,36,26,41,22,54,56,50,23,26,26,56,47,79,0,0,0,0,-16,0,0,15,30,23,6,4,7,14,26,19,17,17,0,0,0,39,46,125,133,133,131,135,128,136,118,106,118,129,79,87,81,87,81,84,81,72,77,93,61,43,8,8,8,8,8,8,8,181,214,447,273,141,273,273,211,775,754,476,15,22,8,8,8,8,8,8,8,8,8,8,8,8,8,90,8,1920,979,1745,8,8,8,8,8,8,8,8,8,8,8,8,8,8,8,8,8,8,8,8,8,8]} 1. d4 f5 2. Nf3 Nf6 3. g3 g6 4. Bg2 Bg7 5. O-O O-O 6. b3 d6 7. Bb2 c6 8. c4 Na6 9. Nc3 Qc7 10. d5 e5 11. dxe6 Bxe6 12. Ng5 {A88: Dutch Defence: Leningrad System: 5 Nf3 0-0 6 0-0 d6 7 Nc3 c6.} Bd7 13. Qd2 Rad8 14. Rad1 {White has an edge.} Bc8 15. Rfe1 {[#]} h6 $146 ({Predecessor:} 15... Nc5 16. Qc2 a5 17. Nf3 Rfe8 18. Nd4 Qf7 19. Bc1 h6 20. Bb2 Kh7 21. e3 Nfe4 22. Rf1 Nf6 23. Rfe1 Nfe4 24. Rf1 Nf6 {½-½ (24) Gelfand,B (2764)-Ponomariov,R (2756) Elancourt 2013}) 16. Nf3 Nc5 17. Qc2 g5 18. b4 Ne6 19. e4 f4 20. e5 dxe5 21. Nxe5 Rxd1 22. Nxd1 Re8 {[#]} 23. Ng6 (23. Nxc6 $1 $16 {[%mdl 512]} bxc6 24. Bxf6) 23... Nf8 $11 24. Rxe8 Nxe8 25. Qe4 Nd6 26. Qe7 Qxe7 27. Nxe7+ Kf7 28. Nxc8 Nxc8 29. gxf4 Bxb2 30. Nxb2 gxf4 {[%mdl 4096] Endgame KBN-KNN} 31. c5 Ne6 32. Bh3 Ne7 33. Nc4 Nd5 34. a3 b6 (34... Kf6 $14) 35. cxb6 axb6 36. Ne5+ Kf6 37. Nxc6 Ng5 38. Bg4 Nc3 39. Kg2 Nf7 40. h4 Nd6 41. Kf3 Nc4 42. Kxf4 Nxa3 43. Ke3 Nab5 44. Kd3 Nd5 45. Kc4 Ndc7 $1 46. f3 Nd6+ 47. Kd3 Nd5 48. Kd4 Nf4 49. Nb8 Nb5+ $2 (49... h5 $11) 50. Ke4 $18 Ng6 $2 (50... Ng2 51. Nd7+ Ke7) 51. h5 Ne5 52. Nd7+ Nxd7 53. Bxd7 {KB-KN} Nc3+ $2 (53... Nc7 54. b5 Ke7) 54. Kd4 Ne2+ 55. Kc4 $2 (55. Kd5 $1 $18) 55... Ke7 56. Bg4 Kd6 $1 57. Kd3 Nf4+ 58. Ke4 Nd5 59. b5 {Hoping for Kf5.} Nc3+ 60. Kf5 {Kg6 is the strong threat.} Nxb5 61. f4 {Threatens to win with Kg6.} Ke7 62. Kg6 {aiming for f5.} Nd6 {[#]} (62... Kf8 $1 $11) 63. f5 ({Much worse is} 63. Kxh6 $6 Kf6 $11) (63. Bf3 $1 $16 {[%cal Rf3d5] Black must now prevent Bd5.} Nc4 64. Bc6 (64. Kxh6 Kf6 $16)) 63... Ne4 $2 {[%mdl 8192]} (63... Kf8 $11) 64. Be2 Kf8 {[#]} 65. Bc4 $2 ({Only move:} 65. Bf3 $1 $18 {[%cal Rf3e4]} Nf2 66. Bd5) 65... Nd6 $11 {The position is equal.} 66. Be6 {Strongly threatening f6.} Nxf5 67. Bxf5 {White wants to mate with Be6. KB-KPP} Kg8 68. Be6+ Kh8 69. Kxh6 {KB-KP} b5 {[%cal Bb6b5,Bb5b4][%mdl 32]} 70. Kg5 b4 71. Bb3 Kg7 72. h6+ Kh8 73. Bc2 Kg8 74. Kg6 b3 75. Bxb3+ Kh8 {Accuracy: White = 72%, Black = 69%.} 1/2-1/2

[Event "CHI-ch Absoluto 2020"]
[Site "Las Condes"]
[Date "2020.02.12"]
[Round "2.5"]
[White "Salinas Herrera, Pablo Patricio"]
[Black "Romero Araya, Diego Alonso"]
[Result "1-0"]
[WhiteElo "2502"]
[BlackElo "2252"]
[Annotator "TA"]
[PlyCount "89"]
[EventDate "2020.02.11"]
[EventType "tourn"]
[EventCountry "CHI"]
[SourceTitle "playchess.com"]
[Source "ChessBase"]
[SourceQuality "1"]

{[%evp 17,89,35,39,32,36,29,49,50,44,40,44,29,26,31,31,34,36,35,35,7,52,42,41,41,49,38,38,36,36,41,44,34,34,40,48,47,50,45,37,5,19,0,22,-52,-29,-30,-41,-51,-46,-71,-62,-69,-64,-69,-69,-63,-66,-67,0,0,0,0,92,122,200,207,253,246,500,489,1125,1125,1047,1024]} 1. e4 c6 2. d4 d5 3. exd5 cxd5 4. Bd3 Nc6 5. c3 Qc7 6. h3 Nf6 7. Nf3 g6 8. O-O Bg7 9. Re1 O-O 10. Nbd2 {B13: Caro-Kann: Exchange Variation and Panov-Botvinnik Attack.} Re8 11. Nf1 {[#]} Bf5 $146 ({Predecessor:} 11... Nh5 12. Ne3 Nf4 13. Bf1 Bd7 14. h4 Qd6 15. g3 Nh5 16. Bg2 Nf6 17. Nc2 Nh5 {1-0 (34) Caruana,F (2828)-Khamrakulov,D (2503) chess.com INT 2019}) 12. Bxf5 {White is slightly better.} gxf5 13. Ng3 e6 14. Nh4 Ne7 15. Nh5 Nxh5 16. Qxh5 Ng6 17. Nf3 f6 18. Nh2 b5 19. Bd2 a5 20. a4 Rab8 21. axb5 Rxb5 22. Bc1 Rbb8 23. Nf1 Bf8 24. Re2 Bd6 25. Bh6 Ra8 26. Rae1 Qf7 27. g3 a4 28. Bc1 f4 29. Kh1 Kh8 30. Qf3 (30. gxf4 $11 f5 31. Nh2) 30... e5 $15 31. gxf4 e4 $36 {[%mdl 2048] Black has good play.} 32. Qh5 f5 $1 33. f3 {[#]} Rf8 $1 34. fxe4 fxe4 35. Rf2 Nxf4 {[%mdl 64] Discovered Attack} 36. Qxf7 Rxf7 37. c4 Raf8 (37... dxc4 $15 38. Ng3 Rff8 39. Bxf4 Bxf4 40. Nxe4 a3 41. bxa3 Rxa3) 38. Bxf4 $1 $11 Rxf4 39. Rxf4 Rxf4 {[%mdl 4096] Endgame [#] KRB-KRN} (39... Bxf4 $11 {keeps the balance.} 40. cxd5 Kg7) 40. c5 $1 $16 {[%cal Rc5d6]} Be7 (40... Bb8 $16) 41. Ne3 $18 Rf3 42. Nxd5 Bg5 $2 (42... Bh4 {was necessary.} 43. Re2 (43. Rxe4 Rf1+ 44. Kh2 Rf2+ 45. Kg1 Rxb2 $18) 43... Rxh3+ 44. Kg2 Rg3+ 45. Kh2 Rg6 46. Rxe4 Bf2) 43. c6 {White is clearly winning.} e3 (43... Bd8 $142 44. Rxe4 Kg7) 44. c7 Rf8 45. Nb6 {Accuracy: White = 86%, Black = 66%.} 1-0